WWE World Heavyweight Championship Quiz - Statistics

General Stats
  • This quiz has been taken 605 times
  • The average score is 16 of 23
Answer Stats
Hint Answer % Correct
4 Randy Orton
92%
5 Triple H
91%
3 John Cena
90%
12 Edge
88%
4 Batista
83%
1 Chris Benoit
83%
3 The Undertaker
83%
1 Kane
79%
2 Big Show
76%
2 Daniel Bryan
75%
2 Rey Mysterio
73%
3 Cm Punk
70%
1 Shawn Michaels
68%
2 Alberto Del Rio
67%
1 Sheamus
65%
1 Mark Henry
64%
3 Chris Jericho
62%
2 Christian
61%
2 Jeff Hardy
59%
1 Kurt Angle
56%
2 Dolph Ziggler
55%
1 Goldberg
53%
1 King Booker
38%
No matching quizzes found
Score Distribution
Percent of People with Each Score
Percentile by Number Answered
Your Score History
You have not taken this quiz